Responses for Show #6226 - Monday, October 17, 2011

Contestants

[<< previous game]

Jeff Dufour, an online editor from Washington, D.C.

Lanny Timan, a business manager from Chicago, Illinois

Joe Koster, a telephone technician from Pelham, New Hampshire (whose 1-day cash winnings total $25,201)

[next game >>]

Jeopardy! Round responses

THE Is HAVE IT
THE LAND OF THE BIBLE
NAME DROPPING AT THE MALL
FATS
"CARB"S
PRO TEENS
    $200 24
Irene

Jeff
    $200 14
the Garden of Eden

Joe
    $200 9
Abercrombie

Lanny
    $200 15
margarine

Jeff
    $200 1
carbonated (carbonation accepted)

Jeff
    $200 2
(Kobe) Bryant

Joe
    $400 25
(Alex: Yes, with less than a minute to go.)

Lee Iacocca

Jeff
    $400 18
Sodom & Gomorrah

Joe
    $400 10
Hugo

Lanny
    $400 19
(Lanny: What is purified fats?)

poly-unsaturated fats

Lanny
Triple Stumper
    $400 3
a carburetor

Joe
    $400 7
Michelle Wie

Jeff
    $600 26
the Tigers (of Detroit)

Joe
    $1,500 21
the Tower of Babel

Lanny
    $600 11
Cole

Lanny
    $600 20
(Joe: What is vitamin D?)

vitamin A

JoeLanny
    $600 4
carbonara

Joe
    $600 8
Chris Evert

Lanny
    $800 27
Cornell

Joe
    $800 22
the Ark of the Covenant

Joe
    $800 12
Ben

Triple Stumper
    $800 29
arteriosclerosis

Jeff
    $800 5
a carbine

Jeff
    $800 16
Mickey Mantle

Jeff
    $1000 28
Yahoo!

Jeff
    $1000 23
Sheba

Lanny
    $1000 13
Eileen

Lanny
    $1000 30
trans fats

Joe
    $1000 6
carbolic

Triple Stumper
    $1000 17
Argentina

Lanny

Scores at the first commercial break (after clue 15):

Joe Lanny Jeff
$1,400 $2,800 $1,600

Scores at the end of the Jeopardy! Round:

Joe Lanny Jeff
$4,400 $6,500 $4,800

Double Jeopardy! Round responses

YOU'VE GOT THE WRITE STUFF, JAMES
GEORGIA GIRL
COLLEGE KNOWLEDGE
WORD DERIVATIONS
ON A LAST-NAME BASIS
(Alex: And we will need the last name from you.)
COUNTRIES OF AFRIC"A"
(Alex: Each country will end with the letter "A".)
    $400 14
(James) Michener

Jeff
    $400 15
Julia Roberts

Joe
    $400 18
Nebraska

Lanny
    $400 11
rodeo

Joe
    $400 2
Galilei

Jeff
    $400 1
Ethiopia

Jeff
    $800 19
(Joe: Who was Pope?)

(James) Boswell

JoeJeff
    $800 27
(Joe: Who is Aretha Franklin?)

Gladys Knight

Joe
Triple Stumper
    $1,800 23
(Lanny: What is... UNC? I don't know.)

Duke

Lanny
    $800 12
wife

Joe
    $800 3
Jillette

Jeff
    $1,500 7
Somalia

Lanny
    $1200 20
(James) Joyce

Lanny
    $1200 28
Kim Basinger

Jeff
    $1200 24
Touchdown Jesus

Jeff
    $1200 13
carat

Lanny
    $1200 4
Buonarroti

Triple Stumper
    $1200 8
Liberia

Joe
    $1600 21
James Frey

Triple Stumper
    $1600 29
Paula Deen

Jeff
    $1600 25
Occidental

Jeff
    $1600 16
crescendo

Triple Stumper
    $1600 5
Alighieri

Jeff
    $1600 9
(Joe: What is South Africa?)
(Lanny: What is Kenya?)

Botswana

JoeLanny
Triple Stumper
    $2000 22
James M. Cain

Triple Stumper
    $2000 30
(Jeff: Who is Hattie McDaniel?)

Butterfly McQueen

Jeff
Triple Stumper
    $2000 26
Vanderbilt

Jeff
    $2000 17
parentheses

Joe
    $2000 6
van Rijn

Lanny
    $2000 10
Angola

Joe

Scores at the end of the Double Jeopardy! Round:

Joe Lanny Jeff
$8,000 $9,400 $14,800

[wagering suggestions for these scores]

Final Jeopardy! Round responses

2011 EVENTS
(Alex: Yes, it was the first visit by a British monarch to Ireland since Ireland achieved its independence.)
JoeWhat is God Save the Queen?
$7,998
LannyWhat is God Save the Queen?
$6,601
JeffWhat is Hail to the Chief?
$4,001
"God Save The Queen"

Final scores:

Joe Lanny Jeff
$15,998 $16,001 $10,799
2nd place: $2,000 New champion: $16,001 3rd place: $1,000

Game dynamics:

Coryat scores:

Joe Lanny Jeff
$8,000 $9,600 $14,800
15 R,
4 W
14 R
(including 2 DDs),
3 W
(including 1 DD)
20 R,
1 W

Combined Coryat: $32,400

[game clues] [game scores] [suggest correction]

Game tape date: 2011-08-30
The J! Archive is created by fans, for fans. Scraping, republication, monetization, and malicious use prohibited; this site may use cookies and collect identifying information. See terms. The Jeopardy! game show and all elements thereof, including but not limited to copyright and trademark thereto, are the property of Jeopardy Productions, Inc. and are protected under law. This website is not affiliated with, sponsored by, or operated by Jeopardy Productions, Inc. Join the discussion at JBoard.tv.